[Event "Oklahoma op 59th"]
[Site "Broken Arrow"]
[Date "2004.05.23"]
[Round "5"]
[White "Berry, Jim"]
[Black "Swartwood, Larry"]
[Result "1/2-1/2"]
[WhiteElo "1950"]
[BlackElo "1746"]
[PlyCount "78"]
[EventDate "2004.05.22"]
[EventType "swiss"]
[EventRounds "5"]
[EventCountry "USA"]
[SourceTitle "EXT 2006"]
[Source "ChessBase"]
[SourceDate "2005.11.24"]
[SourceVersion "1"]
[SourceVersionDate "2005.11.24"]
[SourceQuality "1"]

1. e4 d5 2. d4 dxe4 3. Nc3 c6 4. Nxe4 Nf6 5. Nxf6+ gxf6 6. Bc4 Bf5 7. Nf3 e6 8. Be3 Nd7 9. Qe2 Nb6 10. Bb3 Nd5 11. 0-0-0 Nxe3 12. fxe3 Be4 13. Rhf1 Rg8 14. c4 Qc7 15. g3 0-0-0 16. Nd2 Bf5 17. Rxf5 exf5 18. Rf1 Rg5 19. Bc2 Qa5 20. Kb1 Re8 21. Nb3 Qd8 22. Bxf5+ Kb8 23. Qf3 h6 24. Nd2 Qe7 25. h4 Rxf5 26. Qxf5 Qxe3 27. Nf3 Qe4+ 28. Qxe4 Rxe4 29. Re1 Re6 30. Kc2 Kc7 31. Kd3 Rxe1 32. Nxe1 f5 33. Ke3 Bd6 34. Kf3 Kd7 35. Nd3 Ke6 36. Nf4+ Kf6 37. c5 Bxf4 38. Kxf4 Ke6 39. b4 a6 1/2-1/2

[Event "Oklahoma op 59th"]
[Site "Broken Arrow"]
[Date "2004.05.22"]
[Round "2"]
[White "Unruh, Chuck D"]
[Black "Swartwood, Larry"]
[Result "0-1"]
[WhiteElo "2152"]
[BlackElo "1746"]
[PlyCount "105"]
[EventDate "2004.05.22"]
[EventType "swiss"]
[EventRounds "5"]
[EventCountry "USA"]
[SourceTitle "EXT 2006"]
[Source "ChessBase"]
[SourceDate "2005.11.24"]
[SourceVersion "1"]
[SourceVersionDate "2005.11.24"]
[SourceQuality "1"]

1. e4 d5 2. Nc3 dxe4 3. Nxe4 Nf6 4. Nxf6+ gxf6 5. d4 Bf5 6. Ne2 c6 7. Ng3 Bg6 8. h4 h6 9. h5 Bh7 10. Bc4 e6 11. Bb3 Nd7 12. Qe2 Nb6 13. Be3 Nd5 14. Bd2 Qc7 15. 0-0-0 0-0-0 16. Ne4 Bxe4 17. Qxe4 f5 18. Qf3 Bd6 19. Kb1 Nf6 20. c4 Ne4 21. Be3 Ng5 22. Qe2 Bf4 23. f3 Bxe3 24. Qxe3 Rhe8 25. g4 f4 26. Qf2 Qb6 27. Rhe1 e5 28. c5 Qc7 29. d5 cxd5 30. Bxd5 Kb8 31. Qc2 Qa5 32. Qb3 Qc7 33. Rc1 Ne6 34. Bxe6 Rxe6 35. Re4 Rc6 36. Qc3 Rd5 37. Rc4 f6 38. Qc2 Qd7 39. Qg6 f5 40. Qxf5 Qxf5+ 41. gxf5 Rf6 42. c6 Rxf5 43. cxb7 Rd7 44. Rc6 Rxh5 45. Re6 Kxb7 46. Rc5 Rh1+ 47. Kc2 Rc7 48. Rexe5 Rxc5+ 49. Rxc5 Rh3 50. Rc3 Rg3 51. Kb3 h5 52. Rc5 Rxf3+ 53. Kc4 0-1